[Event "Plzen Calliditas op"]
[Site "Plzen"]
[Date "2023.08.23"]
[Round "6"]
[White "Souralova, Venuse"]
[Black "Soutner, Jaroslav"]
[Result "0-1"]
[WhiteElo "1405"]
[BlackElo "1695"]
[PlyCount "82"]
[EventDate "2023.08.19"]
[EventType "swiss"]
[EventRounds "9"]
[EventCountry "CZE"]
[SourceTitle "EXT 2024"]
[Source "ChessBase"]
[SourceDate "2023.10.10"]
[SourceVersion "1"]
[SourceVersionDate "2023.10.10"]
[SourceQuality "1"]

1. c4 Nf6 2. Nf3 e6 3. e3 d5 4. Nc3 c5 5. cxd5 exd5 6. Bb5+ Bd7 7. Bxd7+ Nbxd7 8. 0-0 Be7 9. b3 0-0 10. Bb2 a6 11. Qc2 Bd6 12. Ng5 h6 13. Nf3 Rc8 14. Qd3 Ne5 15. Nxe5 Bxe5 16. f4 Bb8 17. Rf3 d4 18. Ne4 Nd5 19. a3 f5 20. Nxc5 Rxc5 21. Qxd4 Rc7 22. Rg3 Nf6 23. Qb4 a5 24. Qb5 Qd5 25. Qa4 Re7 26. Bc3 Bc7 27. b4 b5 28. Qc2 a4 29. Qb2 Rff7 30. Bxf6 Rxf6 31. Qxf6 Rf7 32. Qc3 g5 33. Rh3 gxf4 34. Rxh6 Rg7 35. e4 fxe4 36. Qh3 Qd4+ 37. Kf1 Qxa1+ 38. Ke2 f3+ 39. gxf3 exf3+ 40. Qxf3 Re7+ 41. Kd3 Qxa3+ 0-1

[Event "Plzen Calliditas op"]
[Site "Plzen"]
[Date "2023.08.21"]
[Round "4"]
[White "Souralova, Venuse"]
[Black "Fakan, Petr"]
[Result "1-0"]
[WhiteElo "1405"]
[BlackElo "1240"]
[PlyCount "33"]
[EventDate "2023.08.19"]
[EventType "swiss"]
[EventRounds "9"]
[EventCountry "CZE"]
[SourceTitle "EXT 2024"]
[Source "ChessBase"]
[SourceDate "2023.10.10"]
[SourceVersion "1"]
[SourceVersionDate "2023.10.10"]
[SourceQuality "1"]

1. c4 e6 2. Nf3 d5 3. cxd5 exd5 4. e3 Nf6 5. Be2 Nc6 6. 0-0 Bd6 7. Nc3 Be6 8. a3 Qd7 9. b4 a6 10. Bb2 0-0-0 11. b5 Ne5 12. bxa6 Nxf3+ 13. Bxf3 bxa6 14. Qe2 Qc6 15. Rfc1 g5 16. Nxd5 Bxh2+ 17. Kh1 1-0

[Event "Plzen Calliditas op"]
[Site "Plzen"]
[Date "2023.08.19"]
[Round "1"]
[White "Souralova, Venuse"]
[Black "Hurtak, Otto"]
[Result "0-1"]
[WhiteElo "1405"]
[BlackElo "1949"]
[PlyCount "50"]
[EventDate "2023.08.19"]
[EventType "swiss"]
[EventRounds "9"]
[EventCountry "CZE"]
[SourceTitle "EXT 2024"]
[Source "ChessBase"]
[SourceDate "2023.10.10"]
[SourceVersion "1"]
[SourceVersionDate "2023.10.10"]
[SourceQuality "1"]

1. c4 e6 2. d3 d5 3. cxd5 exd5 4. Nf3 Nf6 5. g3 Bd6 6. Bg2 0-0 7. 0-0 h6 8. Nc3 c6 9. Bd2 Re8 10. Re1 Bg4 11. Rc1 Nbd7 12. Qc2 Ne5 13. Qb1 Nxf3+ 14. Bxf3 Bxf3 15. exf3 Qd7 16. Ne2 Re7 17. Nd4 Rae8 18. g4 Nxg4 19. Rxe7 Rxe7 20. Re1 Ne5 21. Kh1 Qh3 22. Rg1 Nc4 23. Rg2 Nxd2 24. Qd1 c5 25. Nf5 Nxf3 0-1

[Event "Prague Summer op-B 2nd"]
[Site "Prague"]
[Date "2015.08.13"]
[Round "8"]
[White "Burdov, Petr"]
[Black "Souralova, Venuse"]
[Result "1-0"]
[WhiteElo "1574"]
[BlackElo "1437"]
[PlyCount "59"]
[EventDate "2015.08.07"]
[EventType "swiss"]
[EventRounds "9"]
[EventCountry "CZE"]
[SourceTitle "EXT 2017"]
[Source "ChessBase"]
[SourceDate "2016.10.25"]
[SourceVersion "1"]
[SourceVersionDate "2016.10.25"]
[SourceQuality "1"]

1. e4 c5 2. Nf3 d6 3. Bc4 Nf6 4. Nc3 e6 5. Bb3 Be7 6. 0-0 0-0 7. d3 b6 8. h3 Nc6 9. Nh2 Bb7 10. f4 Nd4 11. Ne2 Rc8 12. Ng4 Nxg4 13. Nxd4 Nf6 14. Nf3 Qc7 15. a3 Rfd8 16. Qe1 b5 17. e5 Ne8 18. Qg3 c4 19. dxc4 bxc4 20. Ba4 Bc6 21. Bxc6 Qxc6 22. Be3 Qa4 23. Nd4 d5 24. f5 Bc5 25. c3 Bxd4 26. Bxd4 exf5 27. Rxf5 Qc2 28. Raf1 Rc7 29. e6 Nd6 30. Qxg7# 1-0